| 000 | 00636cam a2200193 a 4500 | ||
|---|---|---|---|
| 001 | 000008795 | ||
| 005 | 20200929161418.0 | ||
| 008 | 000419s1987 cu 000 f spa | ||
| 040 |
_aDO-SdBNP _cDLC |
||
| 082 |
_aCu863.44 _bE79s |
||
| 100 | 1 |
_aEstevanell, Justo Esteban, _d1931- _923339 |
|
| 245 | 1 | 0 |
_aSantiago / _cJ.E. Estevanell ; introducción Esteban Llorach Ramos. |
| 260 |
_aLa Habana, (Cuba) : _bGente Nueva, _c1987. |
||
| 300 |
_a119 p. ; _c19 cm. |
||
| 650 | 4 |
_aCuentos cubanos _91482 |
|
| 650 | 4 |
_aLiteratura cubana _ySIGLO XX _99186 |
|
| 700 | 1 |
_aLlorach Ramos, Esteban _eintrod. _923340 |
|
| 910 | _aCatalogación por copia / LC | ||
| 999 |
_c8564 _d8564 |
||